Diablo II LoD RUNY - Statystyki

Ogólne statystyki
  • Ten quiz został rozwiązany 21 razy
    20 od ostatniego zresetowania
  • Średni wynik to 24 z 33
Statystyki odpowiedzi
Odpowiedź % Poprawnych
EL
100%
TAL
100%
ELD
92%
ETH
92%
ORT
92%
RAL
92%
DOL
83%
PUL
83%
SOL
83%
ZOD
83%
AMN
75%
BER
75%
IO
75%
ITH
75%
THUL
75%
TIR
75%
CHAM
67%
HEL
67%
IST
67%
JAH
67%
KO
67%
LEM
67%
LO
67%
LUM
67%
MAL
67%
SHAEL
67%
UM
67%
VEX
67%
FAL
58%
GUL
58%
NEF
58%
OHM
50%
SUR
50%
Nie znaleziono quizów pasujących do podanych kryteriów
Rozkład punktacji
Procent ludzi z każdym wynikiem
Percentyl według liczby udzielonych odpowiedzi
Twoja historia wyników
Nie rozwiązałeś tego quizu od ostatniego zresetowania